000 00320cam a22001217a 4500
008 180718b1998 xxu||||| |||| 00| 0 eng d
082 _aO91 K96
100 _aK. Parvathi Kumar
245 _aAquarian cross
_cby K. Parvathi Kumar
260 _aVisakhapatnam
_bDhanishta
_c1998
300 _a245p.
650 _aAquarian cross
999 _c493753
_d493753